|
|
|
|
| LEADER |
00000nam0a2200000 4500 |
| 001 |
290898 |
| 005 |
20231102000332.0 |
| 020 |
|
|
|a RU
|b 83-89416
|
| 035 |
|
|
|a (RuTPU)RU\TPU\book\315456
|
| 090 |
|
|
|a 290898
|
| 100 |
|
|
|a 20150409d1983 k y0rusy5003 ca
|
| 101 |
0 |
|
|a rus
|
| 102 |
|
|
|a UA
|
| 105 |
|
|
|a y z 000zy
|
| 200 |
1 |
|
|a Системный подход к подготовке инженера широкого профиля
|f Ю. М. Иванов
|
| 210 |
|
|
|a Киев
|c Вища школа
|d 1983
|
| 215 |
|
|
|a 58 с.
|
| 320 |
|
|
|a Библиогр.: с. 57
|
| 606 |
1 |
|
|a Специалисты с высшим образованием
|2 stltpush
|3 (RuTPU)RU\TPU\subj\55837
|9 73794
|
| 610 |
1 |
|
|a модели
|
| 610 |
1 |
|
|a высшие технические учебные заведения
|
| 610 |
1 |
|
|a организация преподавания
|
| 610 |
1 |
|
|a математические методы
|
| 610 |
1 |
|
|a ВТУЗы
|
| 610 |
1 |
|
|a системный подход
|
| 675 |
|
|
|a 62.007
|z rus
|v 3
|
| 700 |
|
1 |
|a Иванов
|b Ю. М.
|g Юрий Михайлович
|4 070
|
| 801 |
|
0 |
|a RU
|b RuMRKP
|c 19950704
|g psbo
|
| 801 |
|
1 |
|a RU
|b 63413507
|c 20150409
|
| 801 |
|
2 |
|a RU
|b 63413507
|c 20170713
|g RCR
|
| 942 |
|
|
|c BK
|